000 00696na a2200229 4500
001 23586
003 MIRAKIL
005 20181213155313.0
008 171103b tu 000 0
020 _a9944600482
040 _aMilas
_btur
_cTR-AnCHP
041 _atur
110 _aİstanbul Ticaret Odası (İTO)
245 _aGelişmiş ülkelerde ithalatın ve dış rekabetin kontrolü
_cİstanbul Ticaret Odası (İTO)
260 _aİstanbul
_bİstanbul Ticaret Odası (İTO)
_c2006
300 _a104 s.
_c23 sm.
440 _aİstanbul Ticaret Odası
_vyayın no: 2006-6
500 _aGEÇİCİ KATALOG KAYDIDIR.
504 _aKaynakça var.
942 _2ddc
_cBKS
999 _c10279
_d10279